000 00383nam a2200157Ia 4500
008 230917s9999||||xx |||||||||||||| ||und||
040 _e124862
_aMAIN
041 _aEnglish
082 _a361 M132L
100 _aMcGlean, J D
245 4 _aThe legal context of social work
250 _a2nd ed.
260 _aLondon
_bButterworths
_c1980
300 _axix, 231p. p.
942 _cBK
999 _c225259
_d225259